The Town and Country Planning (General Development Procedure) (Amendment) (England) Order 2006 (Record no. 105812)

MARC details
000 -LEADER
fixed length control field 01617cam a2200265 4500
001 - CONTROL NUMBER
control field ##L134822
008 - FIXED-LENGTH DATA ELEMENTS--GENERAL INFORMATION
fixed length control field 060904n2006 000 0 eng u
020 ## - INTERNATIONAL STANDARD BOOK NUMBER
International Standard Book Number 0110744829
035 ## - SYSTEM CONTROL NUMBER
System control number (Sirsi) u134822
041 0# - LANGUAGE CODE
Language code of text/sound track or separate title eng
245 04 - TITLE STATEMENT
Title The Town and Country Planning (General Development Procedure) (Amendment) (England) Order 2006
260 ## - PUBLICATION, DISTRIBUTION, ETC.
Place of publication, distribution, etc. London
Name of publisher, distributor, etc. TSO
Date of publication, distribution, etc. 2006
490 #0 - SERIES STATEMENT
Series statement SI
Volume/sequential designation 2006: 1062
520 ## - SUMMARY, ETC.
Summary, etc. Amends the Town and Country Planning (General Development Procedure) Order 1995 in respect of the definition of reserved matters, the increase of retail gross floor space by more than 200 sq m constituting development and therefore needing planning permission, making provisions for the preparation and revocation of local development orders and for design and access statements and the stipulation of the period within which a local planning authority must determine planning permission for major developments to be 13 weeks.
590 ## - LOCAL NOTE (RLIN)
Local note IKA050906 NTK
650 24 - SUBJECT ADDED ENTRY--TOPICAL TERM
Topical term or geographic name entry element PLANNING AND COMPULSORY PURCHASE ACT 2004
650 24 - SUBJECT ADDED ENTRY--TOPICAL TERM
Topical term or geographic name entry element TOWN AND COUNTRY PLANNING ACT 1990
650 24 - SUBJECT ADDED ENTRY--TOPICAL TERM
Topical term or geographic name entry element TOWN AND COUNTRY PLANNING (APPLICATIONS) REGULATIONS 1988
650 24 - SUBJECT ADDED ENTRY--TOPICAL TERM
Topical term or geographic name entry element TOWN AND COUNTRY PLANNING (GENERAL DEVELOPMENT PROCEDURE) (AMENDMENT) (ENGLAND) ORDER 2006
650 24 - SUBJECT ADDED ENTRY--TOPICAL TERM
Topical term or geographic name entry element TOWN AND COUNTRY PLANNING (GENERAL DEVELOPMENT PROCEDURE) ORDER 1995
651 #4 - SUBJECT ADDED ENTRY--GEOGRAPHIC NAME
Geographic name England
Chronological subdivision 886-
690 ## - LOCAL SUBJECT ADDED ENTRY--TOPICAL TERM (OCLC, RLIN)
Topical term or geographic name as entry element ENVIRONMENTAL AND LAND CONSULTANCY-PLANNING AND DEVELOPMENT-DEVELOPMENT CONTROL-PLANNING APPLICATIONS
856 40 - ELECTRONIC LOCATION AND ACCESS
Uniform Resource Identifier <a href="https://www.opsi.gov.uk/si/si2006/20061062.htm">https://www.opsi.gov.uk/si/si2006/20061062.htm</a>
Public note View the Order free of charge at www.opsi.gov.uk...
942 ## - ADDED ENTRY ELEMENTS (KOHA)
Suppress in OPAC 0
Holdings
Withdrawn status Lost status Source of classification or shelving scheme Damaged status Not for loan Home library Current library Shelving location Date acquired Total Checkouts Full call number Barcode Date last seen Copy number Price effective from Koha item type
    Dewey Decimal Classification     Virtual Virtual Online 04/09/2006   ONLINE PUBLICATION 134822-2001 06/08/2019 1 06/08/2019 Book